01123nam a2200241 a 4500001000800000005001700008008004100025020001500066040001800081050002200099245006600121260011300187300004200300500023100342500004600573504002700619600004500646650003800691650003800729650004500767653003800812700003100850BRCA_2220190320202840.0960812s1996 mx-a---##b---s000-0#spa-# a9687009500 aDLCcDLCdDLC 4aNE2314b.C37 199610aCasimiro Castro y su tallercCarlos Monsiváis ... [et al.]. aMéxicobGobierno del Estado de México ; Instituto Mexiquense de Cultura ; Fomento Cultural Banamexc1996 a204 p.bil. (algunas a color)c31 cm. aCatálogo de la exposición realizada en el Palacio de Iturbide (Ciudad de México), mayo-junio, 1996; y en los museos José María Velasco y Felipe S. Gutiérrez (Toluca, Estado de México), septiembre-noviembre, 1996. aEstado físico: encuadernado, enero 2013 aBibliografía: p. 19514aCastro, Casimirod1826-1889vCatálogos14aMéxico en el artevExposiciones14aLitografíaySiglo XIXzMéxico14aPintura de paisajesySiglo XIXzMéxico0 aLitografía mexicana - Siglo XIX1 aMonsiváis, Carlosd1938-